Liedtext-Winx Club-Heller als Licht - Statistiken

Allgemein
  • Dieses Quiz wurde 151 mal gespielt
  • Das Durchschnittsergebnis liegt bei 91 aus 126
Antwortstatistiken
Antwort % Korrekt
als
98%
Licht
98%
Heller
97%
heller
97%
die
95%
Die
95%
dein
93%
Zauber
87%
der
86%
du
85%
Du
85%
Macht
85%
Magie
85%
(Hmm
84%
yeah)
84%
leuchtet
83%
Leuchtet
83%
Winx
83%
hast
80%
immer
79%
auf
78%
gewinnt
78%
deine
77%
Herz
77%
herz
77%
in
76%
hör
75%
Hör
75%
reine
75%
dir
70%
an
69%
An
69%
den
64%
Glaub
64%
dich
63%
Sie
63%
Träume
61%
das
60%
Leb
59%
werden
59%
leiten
58%
richtigen
56%
Weg
56%
es
54%
Es
54%
Finde
54%
(wenn
52%
wenn
52%
deiner
51%
Vertraue
51%
deinen
49%
Seite
49%
Feuer
47%
Freunden
47%
Händen
47%
liegt
46%
musst
46%
Schicksal
46%
sein
45%
lebt
44%
nicht
44%
leicht
43%
machst
43%
was
43%
bereit
42%
entfachst
41%
daraus
39%
wird
39%
bei
35%
erwacht)
33%
(bis
15%
Keine übereinstimmenden Quizze gefunden
Verteilung der Resultate
Anzahl Personen mit jedem Resultat
Perzentil nach korrekt beantworteten Fragen
Ihre Resultats-Entwicklung
Sie haben dieses Quiz noch nicht gespielt